000 00311nam a2200121Ia 4500
008 190216s9999||||xx |||||||||||||| ||und||
100 _a"Izhar Hussain,Joshi D D,Kannan V Etc"
245 0 _aMathematics -text Book For Class 11
260 _bNcert
_c1989
300 _a425
650 _aMathematics
942 _cREF
999 _c36095
_d36095